| 000 | 00866cam a22002653a 4500 | ||
|---|---|---|---|
| 001 | 11213 | ||
| 003 | PGUSA | ||
| 005 | 20140828083234.0 | ||
| 008 | 040201s2004||||xxu|||||s|||||000 | eng d | ||
| 040 |
_aPGUSA _beng |
||
| 042 | _adc | ||
| 050 | 4 | _aPZ | |
| 100 | 1 |
_aKelly, Sophia, _d1815- |
|
| 245 | 1 | 0 |
_aBrotherly Love : _bShewing That as Merely Human It May Not Always Be Depended Upon _h[electronic resource] / _cSophia Kelly |
| 260 |
_bProject Gutenberg, _c2004 |
||
| 506 | _aPublic domain in the USA. | ||
| 516 | _aElectronic text | ||
| 653 | _aBoys -- Conduct of life -- Juvenile literature | ||
| 653 | _aConduct of life -- Juvenile literature | ||
| 653 | _aBrothers -- Juvenile literature | ||
| 653 | _aPride and vanity -- Juvenile literature | ||
| 830 | 0 |
_aProject Gutenberg _v11213 |
|
| 856 | 4 | 0 | _uhttp://www.gutenberg.org/ebooks/11213 |
| 942 | _cEB | ||
| 999 |
_c240468 _d240468 |
||